Statystyki dla Państwa świata na K

Kliknij tutaj aby rozwiązać quiz!

Ogólne statystyki

  • Ten quiz został rozwiązany 3 770 razy
  • Średni wynik to 10 z 17

Statystyki odpowiedzi

Odpowiedź% Poprawnych
Kanada
79%
Kolumbia
75%
Kazachstan
67%
Kirgistan
63%
Korea Północna
62%
Korea Południowa
62%
Kambodża
60%
Kenia
59%
Kongo
58%
Kostaryka
58%
Kosowo
57%
Kuba
50%
Kuwejt
50%
Katar
49%
Kamerun
47%
Kiribati
34%
Komory
27%

Rozkład punktacji

Percentyl według liczby udzielonych odpowiedzi

Procent ludzi z każdym wynikiem

Twoja historia wyników

Nie rozwiązałeś tego quizu